000 00734nam a2200253 i 4500
001 C2-0324471
003 PPAK
005 20180728122830.0
008 131212s2011 my |||| ||||| | eng d
020 _a9789831246825
040 _aPPAK
_beng
_cPPAK
_erda
082 0 4 _a428.2076
_223
090 0 0 _a428.2076
_bNOR
_dRK
100 0 _aNor Bi Abd. Rahman,
_eauthor
245 1 0 _aIntensive english
264 1 _aShah Alam, Selangor :
_bGrup Buku Karangkraf ,
_c2011
300 _a256 pages ;
_c25 cm
336 _2rdacontent
_atext
337 _2rdamedia
_aunmediated
338 _2rdacarrier
_avolume
650 1 0 _aEnglish language - Grammar - Problems, exercises, etc.
700 0 _aRuzita Awaludin,
_eeditor
942 _ddc
_cB
999 _c124439
_d124439